| 000 | 00576nam a2200205Ia 4500 | ||
|---|---|---|---|
| 005 | 20250508165651.0 | ||
| 008 | 008 250505s9999 xx 000 0 eng d | ||
| 020 | _a978-94-007-7280-9 | ||
| 037 | _aPeriodicals | ||
| 040 |
_aFEDL _beng _cFEDL |
||
| 041 |
_aeng _2eng |
||
| 084 |
_a510.7, MAD _qFEDL |
||
| 245 | 0 | _aUnderstanding Modern maths : Books -5 | |
| 245 | 0 | _cMadhuban educational books | |
| 260 |
_aNew Delhi, India _bVikas Publishing House _c1994 |
||
| 300 | _a159p. | ||
| 365 |
_aINR _b28 |
||
| 942 |
_cCR _h510.7, MAD |
||
| 999 |
_c1396620 _d1396620 |
||